<?xml version="1.0" encoding="UTF-8"?>
<marc:record xmlns:marc="http://www.loc.gov/MARC21/slim">
   <marc:leader>00000nam a2200000 a 4500</marc:leader>
   <marc:datafield ind1=" " ind2=" " tag="653">
      <marc:subfield code="a">Mensch</marc:subfield>
   </marc:datafield>
   <marc:datafield ind1="0" ind2="0" tag="245">
      <marc:subfield code="a">Der Mensch</marc:subfield>
   </marc:datafield>
   <marc:datafield ind1=" " ind2="1" tag="264">
      <marc:subfield code="a">Nürnberg</marc:subfield>
      <marc:subfield code="b">Tessloff</marc:subfield>
      <marc:subfield code="c">2010</marc:subfield>
   </marc:datafield>
   <marc:datafield ind1="1" ind2=" " tag="490">
      <marc:subfield code="a">Was ist was</marc:subfield>
      <marc:subfield code="v">2</marc:subfield>
   </marc:datafield>
   <marc:datafield ind1="1" ind2=" " tag="520">
      <marc:subfield code="a">Was ist Kultur? Wie entstanden Städte? Worin unterscheidet sich der Mensch vom Tier? Die Autoren Dr. Signe Seiler und Dr. Rainer Köthe beschreiben die Entwicklung der Menschheit vom Urmenschen zum modernen Stadtbewohner. Sie berichten von Gemeinsamkeiten und Unterschieden der Menschen auf der ganzen Welt und davon, wie Gesetze das Zusammenleben regeln. Anschaulich stellen sie die Bedeutung von Kunst, Technik und Wissenschaft für den Menschen dar und beschreiben die Grundzüge der Weltreligionen. Schließlich gehen sie der Frage nach, wie sich die Weltbevölkerung entwickeln wird und welche Probleme die Menschheit in naher Zukunft lösen muss.</marc:subfield>
   </marc:datafield>
   <marc:datafield ind1=" " ind2=" " tag="020">
      <marc:subfield code="a">9783788602420</marc:subfield>
      <marc:subfield code="9">9783788602420</marc:subfield>
   </marc:datafield>
   <marc:datafield ind1=" " ind2=" " tag="020">
      <marc:subfield code="a">3788602422</marc:subfield>
      <marc:subfield code="9">3788602422</marc:subfield>
   </marc:datafield>
   <marc:datafield ind1=" " ind2=" " tag="300">
      <marc:subfield code="a">48 S. : zahlr. Ill.</marc:subfield>
   </marc:datafield>
</marc:record>
